000 01417cam a2200361 a 4500
001 EDZ0000077512
003 StDuBDS
005 20161031105200.0
006 m||||||||d||||||||
007 cr |||||||||||
008 120418s2008 cau fo| 001|0|eng d
020 _a9781446214855 (ebook) :
_cNo price
040 _aStDuBDS
_beng
_cStDuBDS
_epn
049 _aAlfaisal Main Library
050 0 _aGN495.6
_b.J47 2008
082 0 4 _a305.8
_223
100 1 _aJenkins, Richard,
_d1952-
245 1 0 _aRethinking ethnicity
_h[electronic resource] /
_cRichard Jenkins.
250 _a2nd ed.
260 _aLos Angeles, Calif. ;
_aLondon :
_bSAGE,
_cc2008.
300 _a1 online resource (viii, 207 p.)
500 _aPrevious ed.: 1997.
504 _aIncludes bibliographical references and index.
520 8 _aThe author suggests that a major weakness of established usages is that they fail to take serious account of the local, cultural context of ethnic identity. Drawing on case studies, he shows the everyday social construction of national identity.
521 _aSpecialized.
588 _aDescription based on print version record.
650 0 _aEthnicity.
655 7 _aElectronic books.
_2local
710 2 _aSage eBooks
776 0 8 _iPrint version :
_z9781412935838
856 4 0 _uhttp://ezproxy.alfaisal.edu/login?url=http://sk.sagepub.com/books/rethinking-ethnicity-2e
942 _2lcc
_cEBOOKS
999 _c481111
_d481111